| 000 | 01460nam a22003490a 4500 | ||
|---|---|---|---|
| 001 | PT17796 | ||
| 003 | AR-LpoUNG | ||
| 005 | 20260128161425.0 | ||
| 008 | 201001s2004||||ag |||||||||||||||||spa d | ||
| 020 |
_a9879300610 _c$5.55 |
||
| 040 |
_aAR-LpoUNG _bspa _eaacr |
||
| 041 | _aspa | ||
| 044 | _aag | ||
| 082 | 0 | _a510 447mat | |
| 100 | 1 | _aAlmeida, Marcela | |
| 245 | 1 | 0 | _aMatemática para el Curso de Aprestamiento Universitario |
| 250 | _a1ra. ed. | ||
| 260 |
_aBuenos Aires : _bUniversidad Nacional de General Sarmiento, _c2004. |
||
| 300 |
_a202 p. : _bil. _3Impreso |
||
| 490 | 0 | _aTextos básicos | |
| 520 | _aLa obra reúne los contenidos del Curso de Aprestamiento Universitario separados en tres módulos. El primer módulo, retoma contenidos del nivel medio, conjuntos numéricos, álgebra y geometría. El segundo módulo cuenta con una serie de problemas para contextualizar conocimientos relativos a funciones numéricas elementales. El tercer módulo requiere que el alumno entrelace los conocimientos previamente adquiridos en los módulos anteriores para ir trabajando el contenido propio de esta parte, funciones elementales. | ||
| 650 | 4 | _aMATEMATICAS | |
| 700 | 1 | _aAragón, Adriana | |
| 700 | 1 | _aFalsetti, Marcela | |
| 700 | 1 | _aFigliola, Alejandra | |
| 700 | 1 | _aFormica, Alberto | |
| 700 | 1 | _aKulesz, Leopoldo | |
| 700 | 1 | _aMartínez, Mara | |
| 700 | 1 | _aRodríguez, Mabel A. | |
| 905 | _a17796 | ||
| 942 |
_cLIB _2ddc |
||
| 999 |
_c51686 _d51686 |
||